Amara vīratā je rāha meṃ: Bhārata jā joṅgī juvāna. (Record no. 89588)
[ view plain ]
| 000 -LEADER | |
|---|---|
| fixed length control field | 00676cam a22002411 4500 |
| 001 - CONTROL NUMBER | |
| control field | sa 68020790 |
| 003 - CONTROL NUMBER IDENTIFIER | |
| control field | DLC |
| 005 - DATE AND TIME OF LATEST TRANSACTION | |
| control field | 20260227112727.0 |
| 008 - FIXED-LENGTH DATA ELEMENTS--GENERAL INFORMATION | |
| fixed length control field | 940809s1965 ii 000 0 sndo |
| 010 ## - LIBRARY OF CONGRESS CONTROL NUMBER | |
| LC control number | sa 68020790 |
| 025 ## - OVERSEAS ACQUISITION NUMBER | |
| Overseas acquisition number | PL480:I-Si-366 |
| 035 ## - SYSTEM CONTROL NUMBER | |
| System control number | (OCoLC)30912856 |
| 040 ## - CATALOGING SOURCE | |
| Original cataloging agency | DLC |
| Transcribing agency | CU |
| Modifying agency | CU |
| -- | DLC |
| 042 ## - AUTHENTICATION CODE | |
| Authentication code | premarc |
| 050 00 - LIBRARY OF CONGRESS CALL NUMBER | |
| Classification number | DS480.85 |
| Item number | .S445 |
| 100 1# - MAIN ENTRY--PERSONAL NAME | |
| Personal name | Sharma, Vishnu, |
| Dates associated with a name | 1894- |
| 245 10 - TITLE STATEMENT | |
| Title | Amara vīratā je rāha meṃ: Bhārata jā joṅgī juvāna. |
| 260 ## - PUBLICATION, DISTRIBUTION, ETC. | |
| Date of publication, distribution, etc. | 1965. |
| 300 ## - PHYSICAL DESCRIPTION | |
| Extent | 34 p. |
| Dimensions | 19 cm. |
| 440 #0 - SERIES STATEMENT/ADDED ENTRY--TITLE | |
| Title | Devanāgarī Sindhī sāhitya mālā ; |
| Volume/sequential designation | 57 |
| 500 ## - GENERAL NOTE | |
| General note | In Sindhi. |
| 650 #0 - SUBJECT ADDED ENTRY--TOPICAL TERM | |
| Topical term or geographic name entry element | Sino-Indian Border Dispute, 1957- |
| Form subdivision | Anecdotes. |
No items available.